00587nam a2200133Ia 4500008004100000100002200041245012100063245012100184260005300305260000900358300001000367650001500377856006100392170221s9999 xx 000 0 und d aTatiana I. Chueva aApproaches to the Development of Endowment Funds in Russia as an Instrument of Mixed Financing of the Social Sphere  cTatiana I. Chueva, Gulsina M. Niyazova, Andrey V. Metsler, Dmitry V. Shkurkin, Gulmariam H. Aznabaeva, Leonid I. Kim bInternational Review of Management and Marketing c2013 a2 : 3 xMarketing. uhttp://www.econjournals.com/index.php/irmm/issue/view/70